MARC

LEADER 00000nam0a2200000 4500
001 279636
005 20231101235228.0
035 |a (RuTPU)RU\TPU\book\302941 
035 |a RU\TPU\book\298335 
090 |a 279636 
100 |a 20141222d1970 k y0rusy50 ca 
101 0 |a rus 
102 |a RU 
105 |a a z 001zy 
200 1 |a Транспорт при геологоразведочных работах  |f С. А. Брылов, Л. Г. Грабчак 
210 |a Москва  |c Недра  |d 1970 
215 |a 184 с.  |c ил. 
320 |a Библиогр.: с. 182 
606 1 |a Геологоразведочное оборудование  |x Транспортировка  |2 stltpush  |3 (RuTPU)RU\TPU\subj\6127  |9 34085 
610 1 |a транспорт 
610 1 |a эксплуатация 
610 1 |a конструкции 
610 1 |a водный транспорт 
610 1 |a воздушный транспорт 
610 1 |a погрузочно-разгрузочные работы 
610 1 |a техника безопасности 
610 1 |a технико-экономические показатели 
675 |a 550.8.004.3  |v 4 
700 1 |a Брылов  |b С. А. 
701 1 |a Грабчак  |b Л. Г. 
801 1 |a RU  |b 63413507  |c 20141112 
801 2 |a RU  |b 63413507  |c 20180201  |g RCR 
942 |c BK